Andamiajes para la enseñanza de la Historia
Bewaard in:
| Hoofdauteur: | |
|---|---|
| Formaat: | Boek |
| Taal: | Spaans |
| Gepubliceerd in: |
Buenos Aires
Lugar Editorial
2000
|
| Editie: | 1a. ed |
| Onderwerpen: | |
| Tags: |
Voeg label toe
Geen labels, Wees de eerste die dit record labelt!
|
MARC
| LEADER | 00000cam a2200000 a 4500 | ||
|---|---|---|---|
| 001 | UCC1297 | ||
| 003 | CL-VaPUC | ||
| 008 | 171020e20000000ag |||||||||||||||||spa|d | ||
| 020 | |a 9789508920812 | ||
| 082 | 0 | 4 | |a 370.115 |b GON |2 21 |
| 100 | 0 | |a González, Alba S |e author |9 595358 | |
| 245 | 1 | 0 | |a Andamiajes para la enseñanza de la Historia |
| 250 | |a 1a. ed | ||
| 300 | |a 89 p | ||
| 942 | |c BK | ||
| 945 | |d 20171020 15:16:00 |a dcastane | ||
| 260 | |a Buenos Aires |b Lugar Editorial |c 2000 | ||
| 650 | 0 | |a Enseñanza de la historia |9 307330 | |
| 650 | 0 | |a Ciencias sociales |9 256351 | |
| 650 | 0 | |a Formación profesional de profesores |9 307493 | |
| 583 | |a last modification |c 20171020 15:16:00 |k Rodrigo Vera | ||
| 999 | |c 369848 |d 369846 | ||
| 952 | |0 0 |1 0 |3 erb |4 0 |6 370_115000000000000_GON_2000 |7 0 |8 A |9 485993 |a BIBHIS |b BIBHIS |i 5430887 |l 4 |m 9 |o 370.115 GON 2000 |p 5430887 |r 2025-01-20 |s 2024-01-17 |w 2019-11-24 |y BK |z Catalogado en:20171020 |k HIS | ||